[Event "2nd Golders Green U1900 Apr 2014"]
[Site "Golders Green"]
[Date "2014.04.20"]
[Round "3"]
[White "Hewitt, Robert"]
[Black "Joslin, Tim"]
[Result "1-0"]
[WhiteElo "1765"]
[BlackElo "1835"]
[EventType "swiss"]
[EventRounds "6"]

1. e4 d5 2. exd5 Qxd5 3. Nc3 Qd6 4. d4 Nf6 5. Nf3 c6 6. Bc4 Bg4 7. Be3 Nbd7 8.
h3 Bh5 9. g4 Bg6 10. Qe2 e6 11. O-O-O b5 12. Bd3 b4 13. Na4 Qd5 14. Bc4 Qa5
15. Bb3 Be4 16. g5 Nd5 17. Bd2 Bg6 18. Nh4 Be7 19. f4 N5b6 20. Nxb6 axb6 21.
Rhe1 Bf5 22. d5 Nc5 23. Nxf5 Nxb3+ 24. cxb3 Qc5+ 25. Kb1 exf5 26. Bxb4 Qxb4
27. d6 Qe4+ 28. Qxe4 fxe4 29. Rxe4 O-O 30. dxe7 Rfe8 31. Rd6 Rac8 32. a4 g6
33. b4 Kg7 34. b5 cxb5 35. Rxb6 bxa4 36. Ra6 Rc7 37. Raxa4 Rcxe7 38. Rxe7 Rxe7
39. Kc2 Re3 40. h4 h5 41. b4 Re4 42. Kb3 Rxf4 43. b5 Rf1 44. Rb4 Rb1+ 45. Kc3
Rc1+ 46. Kd4 f5 47. b6 Rc8 48. b7 Rb8 49. Ke5 f4 50. Kxf4 Kf7 51. Ke5 Ke7 52.
Rb1 {#r} 1-0

[Event "2nd Golders Green U1900 Apr 2014"]
[Site "Golders Green"]
[Date "2014.04.20"]
[Round "3"]
[White "Clegg, Chris RA"]
[Black "Mitchell, Robert"]
[Result "1-0"]
[WhiteElo "1799"]
[BlackElo "1640"]
[EventType "swiss"]
[EventRounds "6"]

1. e4 d5 2. exd5 Qxd5 3. Nc3 Qd6 4. d4 Nf6 5. Nf3 Bg4 6. Be2 c6 7. O-O Nbd7 8.
h3 Bf5 9. Be3 e6 10. Qd2 O-O-O 11. Rfd1 Ne4 12. Nxe4 Bxe4 13. c4 Qb4 14. Rac1
Qxd2 15. Rxd2 Bb4 16. Rdd1 h6 17. a3 Bd6 18. b4 a6 19. Nd2 Nf6 20. Nxe4 Nxe4
21. c5 Bc7 22. a4 Kd7 23. b5 axb5 24. axb5 Ra8 25. Bf3 f5 26. Bxe4 fxe4 27. b6
Bd8 28. Ra1 Bg5 29. Bxg5 hxg5 30. Ra7 Rhb8 31. Rda1 Rxa7 32. bxa7 Ra8 33. Kf1
Kc7 34. Ke2 b5 35. cxb6+ Kxb6 36. Ke3 c5 37. dxc5+ Kxc5 38. Kxe4 Kd6 39. Ra6+
Ke7 40. Ke5 Kf7 41. Kd6 {#r} 1-0

[Event "2nd Golders Green U1900 Apr 2014"]
[Site "Golders Green"]
[Date "2014.04.20"]
[Round "3"]
[White "Parry, Jacques"]
[Black "Smith, Gary P"]
[Result "1-0"]
[WhiteElo "1759"]
[BlackElo "1690"]
[EventType "swiss"]
[EventRounds "6"]

1. d4 Nf6 2. c4 c5 3. d5 b5 4. Nf3 g6 5. cxb5 a6 6. b6 Qxb6 7. Nc3 Bg7 8. e4
d6 9. Nd2 O-O 10. Nc4 Qc7 11. Bd3 Ng4 12. f3 Ne5 13. Nxe5 Bxe5 14. Bh6 Bg7 15.
Bxg7 Kxg7 16. Qe2 Nd7 17. f4 Rb8 18. Bc4 Rb4 19. O-O Nb6 20. b3 Nxc4 21. bxc4
Bd7 22. Rab1 Rfb8 23. e5 Rxb1 24. Rxb1 Rxb1+ 25. Nxb1 Bf5 26. Qb2 dxe5 27. Nd2
f6 28. fxe5 Qxe5 29. Qxe5 fxe5 30. Kf2 Kf6 31. Ke3 Bc2 32. Ne4+ Bxe4 33. Kxe4
h6 34. g3 a5 35. g4 h5 36. gxh5 gxh5 37. h4 a4 38. a3 Kf7 39. Kxe5 Ke8 40. d6
Kd7 41. dxe7 Kxe7 42. Kd5 Kd7 43. Kxc5 Kc7 44. Kb5 Kd6 45. c5+ Kc7 46. Kxa4
Kc6 47. Kb4 Kb7 48. Kb5 Kc7 49. c6 Kb8 50. Kb6 Ka8 51. Kc7 Ka7 52. Kd7 {#r}
1-0

[Event "2nd Golders Green U1900 Apr 2014"]
[Site "Golders Green"]
[Date "2014.04.20"]
[Round "3"]
[White "Rocco, Federico"]
[Black "O'Caolaidhe, Cormac"]
[Result "1/2-1/2"]
[WhiteElo "1750"]
[BlackElo "1555"]
[EventType "swiss"]
[EventRounds "6"]

1. e4 e5 2. Nc3 Nf6 3. g3 Nc6 4. Bg2 Be7 5. Nge2 d6 6. O-O Bg4 7. h3 Bh5 8. g4
Bg6 9. f4 h6 10. d3 Nd7 11. Be3 Nb6 12. a4 a5 13. Bxb6 cxb6 14. Nd5 f6 15. f5
Bf7 16. Nec3 Bxd5 17. Nxd5 Qb8 18. Qe1 Bd8 19. Qf2 Ra6 20. Qh4 O-O 21. c3 Ne7
22. Ne3 Qa7 23. Qf2 Qb8 24. Qc2 Qc7 25. Qb3+ Kh8 26. Kh1 Nc6 27. Nd5 Qf7 28.
Qd1 Ne7 29. Ne3 Ra8 30. d4 g5 31. fxg6 Nxg6 32. Nd5 Qg7 33. Qe1 Ne7 34. Ne3
Qg6 35. Nf5 Nxf5 36. Rxf5 Bc7 37. d5 Rae8 38. Qf2 Re7 39. Rf1 Ref7 40. Bf3 Bd8
41. Be2 Rh7 42. Qh4 Rg8 43. Qh5 Qxh5 44. Rxh5 Rg5 45. Rg1 Rxh5 46. gxh5 Rc7
47. Bg4 Rg7 48. Bc8 Rxg1+ 49. Kxg1 Kg7 50. Bxb7 f5 51. Kf2 fxe4 52. Ke3 Bg5+
53. Kxe4 Bc1 54. b4 Kf6 55. Bc8 Ba3 56. bxa5 bxa5 57. h4 Bc5 58. Kd3 Bf2 59.
Kc4 Bxh4 60. Kb5 Be1 61. Kxa5 Bxc3+ 62. Kb5 Kg5 63. a5 Kxh5 64. Kc6 e4 65.
Kxd6 Bxa5 66. Ba6 Kg5 67. Ke5 e3 68. Ke4 Bb6 69. Kf3 Kf5 70. Kg3 Ke5 71. Kh4
Bd8+ 72. Kg4 Kxd5 73. Kh5 Bg5 74. Be2 Kd4 75. Kg4 Kc3 76. Kh3 Kd2 77. Bh5 e2
78. Bxe2 Kxe2 79. Kg2 Be3 80. Kh1 Kf1 {#d} 1/2-1/2

[Event "2nd Golders Green U1900 Apr 2014"]
[Site "Golders Green"]
[Date "2014.04.20"]
[Round "3"]
[White "Sloan, Cecil"]
[Black "Rogal, Christopher"]
[Result "1-0"]
[WhiteElo "1691"]
[BlackElo "1704"]
[EventType "swiss"]
[EventRounds "6"]

1. e4 g6 2. d4 d6 3. Nc3 c6 4. Nf3 Bg7 5. h3 Nf6 6. a4 O-O 7. Be3 Qc7 8. Bc4
a6 9. Bb3 e6 10. O-O Nbd7 11. Qe2 c5 12. Rfd1 cxd4 13. Bxd4 Nc5 14. e5 Nxb3
15. cxb3 dxe5 16. Bxe5 Qb6 17. b4 Nd7 18. a5 Qxb4 19. Bd6 Nc5 20. Bxf8 Bxf8
21. Rd4 Qb3 22. Ra3 b5 23. Rxb3 Nxb3 24. Rd8 Nxa5 25. Qe3 Nb7 26. Rxf8+ Kxf8
27. Qh6+ Ke7 28. Qxh7 Nd6 29. Ne5 Bb7 30. Nxg6+ Kf6 31. Nf4 b4 32. Qh4+ Kg7
33. Nh5+ Kf8 34. Qxb4 Ke7 35. Ng3 Rc8 36. Nge4 Rc4 37. Qxd6+ {#r} 1-0

[Event "2nd Golders Green U1900 Apr 2014"]
[Site "Golders Green"]
[Date "2014.04.20"]
[Round "3"]
[White "Finnegan, Oliver"]
[Black "Lim, Peter Yu Chin"]
[Result "1-0"]
[WhiteElo "1818"]
[BlackElo "1651"]
[EventType "swiss"]
[EventRounds "6"]

1. d4 d5 2. c4 e6 3. Nf3 Nf6 4. Bg5 Nbd7 5. e3 c6 6. Bd3 Bd6 7. Nc3 h6 8. Bh4
O-O 9. O-O b6 10. Qa4 Bb7 11. cxd5 exd5 12. Rac1 b5 13. Qd1 a5 14. e4 dxe4 15.
Nxe4 Be7 16. Re1 Re8 17. Bb1 Nxe4 18. Bxe7 Rxe7 19. Bxe4 Rc8 20. d5 Nf6 21.
dxc6 Qxd1 22. Rexd1 Ba8 23. Bd3 Rxc6 24. Bxb5 Rxc1 25. Rxc1 Bxf3 26. gxf3 Re5
27. Rc8+ Kh7 28. Bd3+ g6 29. Rc7 Kg7 30. Bc4 Nd5 31. Rd7 Re1+ 32. Kg2 Nf4+ 33.
Kg3 Ne6 34. f4 Kf6 35. Ra7 Rg1+ 36. Kf3 Nd4+ 37. Ke3 Nf5+ 38. Ke2 Nd6 39. Bb3
Rg2 40. Ke1 Rxh2 41. Rd7 Rh1+ 42. Ke2 Rh4 43. Rxd6+ Ke7 44. Ra6 Rxf4 45. Rxa5
h5 46. Ra7+ Kf8 47. Ke3 Rf5 48. Rxf7+ Rxf7 49. Bxf7 Kxf7 50. b4 Ke7 51. Kf4
Kd6 52. a4 Kc6 53. b5+ Kb6 54. Kg5 Kc5 55. f4 Kd4 56. a5 {#r} 1-0

[Event "2nd Golders Green U1900 Apr 2014"]
[Site "Golders Green"]
[Date "2014.04.20"]
[Round "3"]
[White "Karia, Kamlesh"]
[Black "Jina, Taran"]
[Result "1/2-1/2"]
[WhiteElo "1563"]
[BlackElo "1724"]
[EventType "swiss"]
[EventRounds "6"]

1. e4 d5 2. exd5 Nf6 3. c4 c6 4. d6 exd6 5. Nc3 d5 6. d4 Bb4 7. a3 Bd6 8. c5
Bc7 9. b4 O-O 10. Bd3 Bg4 11. Nge2 Re8 12. Be3 b6 13. Qc2 bxc5 14. bxc5 Bh5
15. h3 Nbd7 16. g4 Bg6 17. Kf1 Bxd3 18. Qxd3 Ne4 19. Nxe4 Rxe4 20. Nc3 Re6 21.
g5 Rb8 22. Rb1 Rxb1+ 23. Qxb1 Qb8 24. Qxb8+ Nxb8 25. Ne2 Re8 26. Kg2 Nd7 27.
Rb1 Rb8 28. Rxb8+ Bxb8 29. Bf4 Kf8 30. Bxb8 Nxb8 31. Nf4 Ke7 32. Kf3 Na6 33.
Kg4 Nc7 34. a4 g6 35. h4 Ne6 36. Nxe6 Kxe6 37. Kf4 f6 38. a5 Ke7 39. Kg4 Ke6
40. Kf4 Kf7 41. Kg4 fxg5 42. Kxg5 Kg7 43. a6 h6+ 44. Kf4 Kf6 45. Kg4 g5 46. h5
Ke6 47. f4 gxf4 48. Kxf4 Kf6 49. Kg4 Ke6 50. Kf4 {#d} 1/2-1/2

[Event "2nd Golders Green U1900 Apr 2014"]
[Site "Golders Green"]
[Date "2014.04.20"]
[Round "3"]
[White "Balouka Myers, Reuben"]
[Black "Pollack, Oscar"]
[Result "0-1"]
[WhiteElo "1534"]
[BlackElo "1675"]
[EventType "swiss"]
[EventRounds "6"]

1. e4 e6 2. d4 d5 3. e5 c5 4. c3 Nc6 5. Nf3 Bd7 6. Be2 Nh6 7. Bxh6 gxh6 8. O-O
Bg7 9. Bd3 Qb6 10. Qc2 cxd4 11. Re1 Rc8 12. a3 dxc3 13. bxc3 d4 14. Bxh7 dxc3
15. Nxc3 Nd4 16. Nxd4 Qxd4 17. Rac1 Bxe5 18. Re3 Rxc3 19. Rxc3 Qxc3 20. Qxc3
Bxc3 21. Rxc3 Rxh7 {#R} 0-1

[Event "2nd Golders Green U1900 Apr 2014"]
[Site "Golders Green"]
[Date "2014.04.20"]
[Round "3"]
[White "Karia, Rishul"]
[Black "Ogah, Adah Simon"]
[Result "1-0"]
[WhiteElo "1660"]
[BlackElo "1200"]
[EventType "swiss"]
[EventRounds "6"]

1. e4 d5 2. exd5 Qxd5 3. Nc3 Qa5 4. g3 c6 5. Bg2 Nf6 6. h3 Bf5 7. Nge2 e5 8.
O-O Nbd7 9. Re1 Bc5 10. d4 Bb4 11. dxe5 Nxe5 12. Nd4 Be6 13. Bf4 Nfd7 14. Nxe6
fxe6 15. Qd4 O-O 16. Bxe5 Nxe5 17. Qxe5 Qb6 18. Re2 Bc5 19. Rf1 Qxb2 20. Qxc5
Rf6 21. Qe3 a6 22. Ne4 Rff8 23. Nd6 Rfb8 24. Qxe6+ Kh8 25. Nf7+ Kg8 26. Nh6+
{#r} 1-0

[Event "2nd Golders Green U1900 Apr 2014"]
[Site "Golders Green"]
[Date "2014.04.20"]
[Round "3"]
[White "Ritchie, Paul"]
[Black "Kazmierczak, Milosz"]
[Result "0-1"]
[WhiteElo "1570"]
[BlackElo "1790"]
[EventType "swiss"]
[EventRounds "6"]

1. e4 c5 2. f4 Nc6 3. Nf3 d5 4. exd5 Qxd5 5. Nc3 Qd8 6. Bc4 e6 7. O-O Nge7 8.
d3 Nd5 9. Bxd5 exd5 10. Qe2+ Be7 11. Ne5 Nd4 12. Qh5 O-O 13. Rf2 g6 14. Qd1 h5
15. Ne2 Nf5 16. d4 cxd4 17. Nxd4 Bc5 18. c3 Qb6 19. Nef3 a5 20. Re2 Bd7 21. a4
Rfe8 22. Kh1 Bxd4 23. Nxd4 Nxd4 24. Rxe8+ Rxe8 25. cxd4 Re4 26. f5 Bxf5 27.
Bh6 Qxb2 28. Qg1 Re2 29. Re1 Rxe1 30. Qxe1 Be4 31. Qf1 Qxd4 32. Bg5 Kg7 33.
Qc1 Qf2 34. Qa1+ d4 {#R} 0-1

[Event "2nd Golders Green U1900 Apr 2014"]
[Site "Golders Green"]
[Date "2014.04.20"]
[Round "3"]
[White "Chauhan, Pranay"]
[Black "Selvarattinam, Gengadharan"]
[Result "0-1"]
[WhiteElo "1503"]
[BlackElo "1761"]
[EventType "swiss"]
[EventRounds "6"]

1. d4 d5 2. e4 dxe4 3. Nc3 e5 4. dxe5 Qxd1+ 5. Kxd1 Nc6 6. Bb5 Bg4+ 7. Ke1
O-O-O 8. Bxc6 bxc6 9. h3 Bf5 10. Be3 Bb4 11. Nge2 Ne7 12. a3 Ba5 13. Bg5 Rd7
14. b4 Bb6 15. Bxe7 Rxe7 16. g4 Bg6 17. Rd1 e3 18. f4 Bxc2 19. Rc1 Bd3 20. a4
a5 21. Na2 axb4 22. Ng3 b3 23. Nc3 Ba5 24. Nge2 b2 25. Rd1 b1=Q 26. Rxb1 Bxb1
27. Kd1 Rd8+ 28. Kc1 Bd3 29. Rd1 Bxc3 30. Nxc3 e2 31. Re1 Rd4 32. Nxe2 Re4 33.
Kd2 Bxe2 34. Rxe2 Rxe2+ 35. Kxe2 Rd7 36. Ke3 c5 37. a5 Kb7 38. f5 c4 39. e6
fxe6 40. fxe6 Re7 41. Kd4 Rxe6 42. Kxc4 Ka6 43. Kd5 Rd6+ 44. Ke4 Kxa5 45. h4
Re6+ 46. Kd5 Re1 47. h5 h6 48. Kc6 Rc1+ 49. Kd7 c5 50. Ke7 Rg1 51. Kd6 c4 52.
Ke5 c3 53. g5 Rxg5+ 54. Ke6 c2 55. Kf7 c1=Q 56. Kg8 g6 57. Kh7 Rxh5 58. Kh8
Rd5 59. Kh7 Rd7+ 60. Kxg6 Qc6+ 61. Kh5 Rd5+ 62. Kh4 Qc4+ 63. Kh3 Rd3+ 64. Kh2
Qc2+ 65. Kh1 Rd1# 0-1

[Event "2nd Golders Green U1900 Apr 2014"]
[Site "Golders Green"]
[Date "2014.04.20"]
[Round "3"]
[White "Bynnersley, Tony"]
[Black "Baroukh, Leon"]
[Result "1-0"]
[WhiteElo "1549"]
[BlackElo "1644"]
[EventType "swiss"]
[EventRounds "6"]

1. d4 d5 2. c4 c6 3. Nc3 Nf6 4. Nf3 Bf5 5. e3 e6 6. Bd3 Bg4 7. h3 Bh5 8. g4
Bg6 9. Ne5 Bxd3 10. Qxd3 Nbd7 11. Nxd7 Qxd7 12. Bd2 Bb4 13. a3 Ba5 14. O-O-O
dxc4 15. Qxc4 O-O 16. Kb1 b5 17. Qb3 Rfb8 18. Na2 Bxd2 19. Rxd2 Ne4 20. Rc2 c5
21. Qd3 Qd5 22. f3 Nf6 23. Rxc5 Qxf3 24. Rcc1 Nd5 25. Rce1 Nf4 26. Qd2 Nxh3
27. e4 Nf2 28. Rhf1 Nxe4 29. Qc2 Qxg4 30. Qxe4 Qxe4+ 31. Rxe4 Rd8 32. Rc1 a6
33. Nb4 g5 34. Nc6 Rd6 35. Rc5 h6 36. Ne5 f5 37. Re1 g4 38. Rc7 Rad8 39. Rh1
Rxd4 40. Rxh6 Re8 41. Ng6 Rd1+ 42. Ka2 Rh1 43. Rxh1 Rc8 44. Rh8# 1-0

[Event "2nd Golders Green U1900 Apr 2014"]
[Site "Golders Green"]
[Date "2014.04.20"]
[Round "3"]
[White "Onslow, Alfie"]
[Black "Jina, Asha"]
[Result "1-0"]
[WhiteElo "1638"]
[BlackElo "1528"]
[EventType "swiss"]
[EventRounds "6"]

1. d4 Nf6 2. Nf3 g6 3. c4 Bg7 4. g3 d6 5. Bg2 O-O 6. O-O Nbd7 7. Nc3 e5 8. d5
a5 9. e4 Nc5 10. Qc2 Nh5 11. h3 f5 12. Bg5 Qe8 13. Be3 f4 14. Bxc5 dxc5 15. g4
Nf6 16. Nb5 Qd8 17. Rfd1 Nd7 18. d6 c6 19. Nc7 Rb8 20. Ne6 Qf6 21. Nxf8 Bxf8
22. Rd2 Bxd6 23. Rad1 Be7 24. Rxd7 Bxd7 25. Rxd7 Bd6 26. Qd1 Rd8 27. Rxd8+
Qxd8 28. Nxe5 Qf6 29. Nf3 Bc7 30. Qd7 Qd8 31. Qxd8+ Bxd8 32. g5 Kg7 33. h4 h6
34. Bh3 b5 35. Kf1 b4 36. b3 Be7 37. Ke2 Bd8 38. Kd3 Be7 39. e5 h5 40. e6 Bd6
41. Ke4 Kf8 42. Ne5 Bxe5 43. Kxe5 f3 44. Kd6 a4 45. e7+ Ke8 46. Bd7+ {#r} 1-0

[Event "2nd Golders Green U1900 Apr 2014"]
[Site "Golders Green"]
[Date "2014.04.20"]
[Round "3"]
[White "Balouka Myers, Gabriel"]
[Black "Onslow, Teddy"]
[Result "1-0"]
[WhiteElo "1572"]
[BlackElo "1248"]
[EventType "swiss"]
[EventRounds "6"]

1. d4 Nf6 2. c4 e6 3. Nc3 Bb4 4. Qc2 Nc6 5. Nf3 O-O 6. Bg5 Be7 7. e4 h6 8. Bh4
Re8 9. a3 b6 10. Bd3 d6 11. O-O Bb7 12. d5 Nb8 13. Nd4 e5 14. Nf5 Na6 15. b4
Rc8 16. Qa4 Ra8 17. c5 Nb8 18. Bxf6 Bxf6 19. cxd6 cxd6 20. Nxd6 Re7 21. Nxb7
Rxb7 22. Bb5 Rc7 23. Rac1 Qc8 24. Ne2 a6 25. Rxc7 Qxc7 26. Rc1 Qb7 27. Bc6
Nxc6 28. Qxc6 Qxc6 29. Rxc6 Rb8 30. d6 a5 31. Nc3 axb4 32. axb4 Kf8 33. Nd5 b5
34. d7 Rd8 35. Rc8 Be7 36. Nc7 g6 37. Nxb5 Kg7 38. Rxd8 Bxd8 39. Na7 Kf8 40.
Nc6 f6 41. Nxd8 Ke7 42. Nb7 Kxd7 43. Kf1 Kc6 44. Nc5 Kb5 45. Ke2 Kxb4 46. Nd7
Kc4 47. Nxf6 Kd4 48. f3 g5 49. h3 Kc5 50. Ng4 h5 51. Nxe5 Kd6 52. Nf7+ Ke6 53.
Nxg5+ Kf6 54. f4 h4 55. Kf3 Kg6 56. Kg4 Kf6 57. e5+ Kg7 58. Kf5 Kf8 59. Kf6
Ke8 60. e6 Kf8 61. e7+ Ke8 62. Nf3 Kd7 63. Kf7 Kc6 64. e8=Q+ Kb6 65. Qe6+ Kb7
66. Qd6 Ka8 67. Qe7 Kb8 68. Ke6 Kc8 69. Kd6 Kb8 70. Kc6 Ka8 71. Qb7# 1-0

[Event "2nd Golders Green U1900 Apr 2014"]
[Site "Golders Green"]
[Date "2014.04.20"]
[Round "3"]
[White "Hirjee, Shezan"]
[Black "Willmoth, Harrison"]
[Result "1/2-1/2"]
[WhiteElo "1540"]
[BlackElo "1623"]
[EventType "swiss"]
[EventRounds "6"]

1. e4 e6 2. d4 d5 3. Nc3 Bb4 4. e5 Bxc3+ 5. bxc3 c5 6. Qg4 Ne7 7. Qxg7 Rg8 8.
Qf6 Nbc6 9. Bd3 Qa5 10. Bd2 c4 11. Bxh7 Rf8 12. Nf3 Bd7 13. O-O O-O-O 14. Bh6
Ng8 15. Bxg8 Rxg8 16. Qxf7 Qxc3 17. Qf4 Qxc2 18. h4 Qg6 19. Bg5 Rdf8 20. Qe3
Ne7 21. g3 Nf5 22. Qa3 Kb8 23. Rab1 Bc8 24. Kg2 Qh5 25. Rh1 Qg4 26. Qc3 Ka8
27. a4 Rf7 28. a5 Rgf8 29. Bf6 Rg8 30. Bg5 Rgf8 31. Bf6 Rg8 32. Bg5 {#d}
1/2-1/2

[Event "2nd Golders Green U1900 Apr 2014"]
[Site "Golders Green"]
[Date "2014.04.20"]
[Round "4"]
[White "Hewitt, Robert"]
[Black "McCabe, Shane"]
[Result "0-1"]
[WhiteElo "1765"]
[BlackElo "1898"]
[EventType "swiss"]
[EventRounds "6"]

1. e4 c6 2. d4 d5 3. exd5 cxd5 4. c4 Nf6 5. Nc3 e6 6. Nf3 Be7 7. Bf4 O-O 8. c5
Ne4 9. Nb5 Na6 10. Bd3 Bd7 11. O-O Bxb5 12. Bxb5 Nc7 13. Bd3 Ne8 14. b4 b6 15.
Qc2 bxc5 16. bxc5 N8f6 17. Rac1 Qa5 18. Nd2 Rad8 19. Nb3 Qb4 20. f3 Nxc5 21.
dxc5 Qxf4 22. c6 Bd6 23. Ba6 Qxh2+ 24. Kf2 Qg3+ 25. Kg1 Bc7 26. a4 Qh2+ 27.
Kf2 Qh4+ 28. Ke2 Qg5 29. Rh1 Qxg2+ 30. Ke3 d4+ 31. Nxd4 Nd5+ {#R} 0-1

[Event "2nd Golders Green U1900 Apr 2014"]
[Site "Golders Green"]
[Date "2014.04.20"]
[Round "4"]
[White "Parry, Jacques"]
[Black "Clegg, Chris RA"]
[Result "1/2-1/2"]
[WhiteElo "1759"]
[BlackElo "1799"]
[EventType "swiss"]
[EventRounds "6"]

1. d4 e6 2. c4 Nf6 3. Nc3 Bb4 4. Qc2 d5 5. e3 O-O 6. a3 Bxc3+ 7. Qxc3 b6 8.
Bd3 dxc4 9. Bxc4 Bb7 10. f3 Nbd7 11. Ne2 c5 12. dxc5 Nxc5 13. b4 Ncd7 14. Bb3
Rc8 15. Qb2 Qc7 16. Bd2 Ne5 17. O-O Nd3 18. Qc3 Qd6 19. Qd4 Qxd4 20. exd4 Nd5
21. Nc1 Nxc1 22. Raxc1 Rxc1 23. Rxc1 Rc8 24. Rxc8+ Bxc8 25. Bxd5 {#d} 1/2-1/2

[Event "2nd Golders Green U1900 Apr 2014"]
[Site "Golders Green"]
[Date "2014.04.20"]
[Round "4"]
[White "Joslin, Tim"]
[Black "Sloan, Cecil"]
[Result "0-1"]
[WhiteElo "1835"]
[BlackElo "1691"]
[EventType "swiss"]
[EventRounds "6"]

1. e4 c5 2. c3 g6 3. d4 cxd4 4. cxd4 d5 5. e5 Nc6 6. Nc3 f6 7. Nf3 Bg7 8. Bb5
Bg4 9. e6 Bxe6 10. O-O Bf7 11. Re1 e6 12. Bf4 Nge7 13. Qd2 O-O 14. Rac1 a6 15.
Bd3 Qd7 16. Na4 Nc8 17. Nc5 Qe7 18. Nxa6 Nxd4 19. Rc7 Nxf3+ 20. gxf3 Qd8 21.
Rxb7 e5 22. Bh6 Nd6 23. Rb3 Bxh6 24. Qxh6 Nf5 25. Bxf5 Rxa6 26. Bb1 d4 27. Rb7
Rb6 28. Rxb6 Qxb6 29. b3 Qb7 30. Be4 Bd5 31. Rc1 Bxe4 32. fxe4 Rc8 33. Rxc8+
Qxc8 34. Qd2 Qc3 35. Qd1 d3 36. Kf1 Qd4 37. f3 f5 38. b4 fxe4 39. fxe4 Qxe4
40. Kf2 Qd4+ 41. Kf1 e4 42. b5 e3 43. Qb3+ Kg7 44. b6 Qf4+ 45. Kg2 Qg4+ 46.
Kh1 Qf3+ {#R} 0-1

[Event "2nd Golders Green U1900 Apr 2014"]
[Site "Golders Green"]
[Date "2014.04.20"]
[Round "4"]
[White "Pollack, Oscar"]
[Black "Finnegan, Oliver"]
[Result "0-1"]
[WhiteElo "1675"]
[BlackElo "1818"]
[EventType "swiss"]
[EventRounds "6"]

1. Nf3 Nf6 2. g3 g6 3. Bg2 Bg7 4. O-O O-O 5. c4 c5 6. Nc3 Nc6 7. d4 cxd4 8.
Nxd4 Qb6 9. Nb3 d6 10. Be3 Qb4 11. c5 Ng4 12. Bd2 Qc4 13. Bd5 Qa6 14. Ne4 Nf6
15. Nxf6+ Bxf6 16. cxd6 exd6 17. Bc3 Bxc3 18. bxc3 Bh3 19. Bg2 Bxg2 20. Kxg2
Ne5 21. Nd4 Qc4 22. Qb3 Qc8 23. Rab1 b6 24. e3 Qb7+ 25. Kg1 Rac8 26. Qb4 Rc5
27. a4 Rd8 28. f3 Nc4 29. Nb3 Rc7 30. e4 a5 31. Qb5 d5 32. Nc5 Qc8 33. Na6 Ra7
34. exd5 Na3 35. Qxb6 Rxa6 36. Qb3 Nxb1 37. Rxb1 Qc5+ 38. Kg2 Qxd5 39. c4 Qd2+
40. Kh3 Qh6+ 41. Kg2 Rd2+ 42. Kg1 Qxh2+ {#R} 0-1

[Event "2nd Golders Green U1900 Apr 2014"]
[Site "Golders Green"]
[Date "2014.04.20"]
[Round "4"]
[White "Carter, John"]
[Black "Karia, Rishul"]
[Result "1/2-1/2"]
[WhiteElo "1755"]
[BlackElo "1860"]
[EventType "swiss"]
[EventRounds "6"]

1. e4 e5 2. Nf3 Nc6 3. Bb5 Nge7 4. c3 g6 5. d4 Bg7 6. d5 Nb8 7. Bg5 f6 8. Be3
a6 9. Ba4 b5 10. Bb3 d6 11. a4 Bd7 12. axb5 Bxb5 13. Na3 Bd7 14. Nc4 O-O 15.
O-O f5 16. Ncxe5 dxe5 17. d6+ Kh8 18. dxe7 Qxe7 19. exf5 Bxf5 20. Bg5 Bf6 21.
Qd5 Nd7 22. Bxf6+ Qxf6 23. Rfe1 Rae8 24. Qd2 Nc5 25. Bc4 Bg4 26. Qe3 Bxf3 27.
Qxc5 Bb7 28. f3 Qg5 29. Qe3 Rf4 30. Kh1 Qf6 31. Qe2 Rxf3 32. Rf1 Rxf1+ 33.
Rxf1 Qd6 34. Rd1 Qb6 35. Bf7 Re7 36. Rd8+ Kg7 37. Bc4 Qf6 38. Rg8+ Kh6 39. Rb8
c5 40. Qe3+ Qg5 41. Qh3+ Qh5 42. Qe3+ Qg5 43. Qh3+ Qh5 44. Qe3+ {#d} 1/2-1/2

[Event "2nd Golders Green U1900 Apr 2014"]
[Site "Golders Green"]
[Date "2014.04.20"]
[Round "4"]
[White "O'Caolaidhe, Cormac"]
[Black "Davies, Cledwyn"]
[Result "0-1"]
[WhiteElo "1555"]
[BlackElo "1728"]
[EventType "swiss"]
[EventRounds "6"]

1. d4 Nf6 2. c4 c5 3. Nf3 g6 4. g3 Bg7 5. Bg2 O-O 6. O-O cxd4 7. Nxd4 Nc6 8.
Nxc6 bxc6 9. Qc2 d5 10. Rd1 Bf5 11. Qd2 Ne4 12. Bxe4 Bxe4 13. Nc3 Bf5 14. cxd5
Qa5 15. a3 c5 16. Qf4 Bc2 17. Rd2 Bb3 18. e4 Bd4 19. Ne2 e5 20. Qf6 Qb6 21.
Qxb6 axb6 22. Nxd4 cxd4 23. Kf1 Rfc8 24. f4 Rc7 25. fxe5 Rac8 26. Rxd4 Rxc1+
27. Rxc1 Rxc1+ 28. Ke2 Rc2+ 29. Ke3 Kf8 30. Rb4 Rxb2 31. Rxb6 Rb1 32. Kf2 Bc2
33. Rxb1 Bxb1 34. Ke3 Bc2 35. g4 g5 36. Kd4 Bd1 37. Kc5 Bxg4 38. a4 Ke7 39. a5
Be2 40. Kb6 h5 41. a6 Bxa6 42. Kxa6 g4 43. Kb6 Kd7 44. Kc5 h4 45. Kd4 g3 46.
hxg3 h3 47. Ke3 h2 48. Kf4 h1=Q 49. g4 Qh6+ 50. Kf5 Qg6+ 51. Kf4 Qb6 52. Kf5
Qe3 53. e6+ fxe6+ 54. dxe6+ Ke7 55. g5 Qh3+ 56. Kg6 Qxe6+ {#R} 0-1

[Event "2nd Golders Green U1900 Apr 2014"]
[Site "Golders Green"]
[Date "2014.04.20"]
[Round "4"]
[White "Selvarattinam, Gengadharan"]
[Black "Rocco, Federico"]
[Result "0-1"]
[WhiteElo "1761"]
[BlackElo "1750"]
[EventType "swiss"]
[EventRounds "6"]

1. e4 Nf6 2. Nc3 d5 3. exd5 Nxd5 4. Nxd5 Qxd5 5. Nf3 Bg4 6. Be2 e6 7. d3 Bd6
8. O-O Nd7 9. c3 O-O 10. Be3 Ne5 11. d4 Nxf3+ 12. Bxf3 Qh5 13. h3 Bxf3 14.
Qxf3 Qxf3 15. gxf3 c6 16. c4 Rfd8 17. c5 Bc7 18. b4 e5 19. Rad1 exd4 20. Bxd4
Rd5 21. Be3 Rad8 22. Rxd5 Rxd5 23. a4 a6 24. Rb1 f5 25. f4 Bd8 26. b5 cxb5 27.
axb5 axb5 28. Rxb5 b6 29. Rb2 bxc5 30. Rb8 Kf7 31. Kg2 Kg6 32. Bxc5 Bc7 33.
Rb5 Kh5 34. Kg3 Bd6 35. Bxd6 Rxb5 36. Be5 g5 37. Bd6 Rb3+ 38. f3 g4 39. hxg4+
fxg4 40. Kg2 Rxf3 41. Be5 Ra3 42. Bd6 Ra2+ 43. Kg3 Rd2 44. Be5 Rd3+ 45. Kg2
Kg6 46. Bc7 Kf5 47. Bb8 Rf3 48. Bc7 Rxf4 49. Bd6 h5 50. Be7 Rf3 51. Bh4 Kf4
52. Be1 g3 53. Ba5 Rf2+ 54. Kg1 Kf3 55. Bb6 Rb2 56. Ba5 Rb1+ {#R} 0-1

[Event "2nd Golders Green U1900 Apr 2014"]
[Site "Golders Green"]
[Date "2014.04.20"]
[Round "4"]
[White "Kazmierczak, Milosz"]
[Black "Onslow, Alfie"]
[Result "1-0"]
[WhiteElo "1790"]
[BlackElo "1638"]
[EventType "swiss"]
[EventRounds "6"]

1. d4 Nf6 2. c4 e6 3. Nc3 Bb4 4. Bd2 O-O 5. Qc2 b6 6. e4 Bb7 7. Bd3 h6 8. d5
Re8 9. O-O-O a5 10. h3 e5 11. Nge2 Na6 12. a3 Bf8 13. f4 d6 14. g4 exf4 15.
Bxf4 g5 16. Bg3 Nc5 17. Nd4 a4 18. Rhf1 Bg7 19. Nf5 Nfd7 20. Qf2 f6 21. h4 Ba6
22. Qc2 Nxd3+ 23. Qxd3 Nc5 24. Qe2 Nb3+ 25. Kb1 Na5 26. Nb5 Qd7 27. hxg5 hxg5
28. Rh1 Nxc4 29. Qxc4 Bxb5 30. Qc2 Kf7 31. Rh7 Rg8 32. Nh6+ Kf8 33. Nxg8 Kxg8
34. Rdh1 Qxg4 35. Qxc7 Qxe4+ 36. Ka1 Qxh7 37. Rxh7 Kxh7 38. Qxb6 Bc4 39. Qc6
Rb8 40. Bxd6 Rb3 41. Qxc4 f5 42. Qc7 Rxb2 43. Be5 Kh6 44. Bxg7+ Kh5 45. Bxb2
f4 46. d6 Kg4 47. d7 f3 48. Qh2 Kf5 49. d8=Q g4 50. Qf6+ Ke4 51. Qfe5+ Kd3 52.
Qd4# 1-0